Statistics for Best player for each number 0-99 NFL 2023

Click here to take the quiz!

General Stats

  • This quiz has been taken 34 times
  • The average score is 11 of 100

Answer Stats

HintAnswer% Correct
15Patrick Mahomes
83%
1Jalen Hurts
61%
87Travis Kelce
57%
18Justin Jefferson
52%
6DeVonta Smith
48%
9Joe Burrow
48%
90T.J. Watt
43%
8Aaron Rodgers
39%
88CeeDee Lamb
39%
4Dak Prescott
39%
22Derrick Henry
35%
3Russell Wilson
35%
14Stefon Diggs
35%
7Trevon Diggs
35%
99Aaron Donald
30%
33Aaron Jones
30%
95Chris Jones
30%
23Christian McCaffrey
30%
85George Kittle
26%
5Jalen Ramsey
26%
10Justin Herbert
26%
81Mike Williams
26%
71Trent Williams
26%
54Fred Warner
22%
2Patrick Surtain II
22%
97Nick Bosa
17%
24Nick Chubb
17%
16Trevor Lawrence
17%
19Deebo Samuel
13%
56Demario Davis
13%
28Jonathan Taylor
13%
11Micah Parsons
13%
26Saquon Barkley
13%
40Von Miller
13%
77Frank Ragnow
9%
62Jason Kelce
9%
89Mark Andrews
9%
58Penei Sewell
9%
0Roquan Smith
9%
59De'Vondre Campbell
4%
17Josh Allen (Bills)
4%
41Josh Allen (Jaguars)
4%
13Mike Evans
4%
38Rhamondre Stevenson
4%
25Xavien Howard
4%
86Zach Ertz
4%
34Alex Anzalone
0%
37Amani Hooker
0%
30Austin Ekeler
0%
51Azeez Ojulari
0%
53Brian Burns
0%
67Charles Cross
0%
48Christian Harris
0%
84Cordarrelle Patterson
0%
63Corey Linsley
0%
52Creed Humphrey
0%
92DaQuan Jones
0%
94Daron Payne
0%
12Darren Waller
0%
69David Bakhtiari
0%
36Deonte Banks
0%
45Devin White
0%
73Dion Dawkins
0%
57Dre Greenlaw
0%
74Elgton Jenkins
0%
80Greg Dulcich
0%
79Ikem Ekwonu
0%
35Jamel Dean
0%
93Jonathan Allen
0%
68Jordan Mailata
0%
21Jordan Poyer
0%
47Josey Jewell
0%
31Justin Simmons
0%
76Kaleb McGary
0%
65Lane Johnson
0%
82Logan Thomas
0%
96Maliek Collins
0%
44Marlon Humphrey
0%
61Mason Cole
0%
98Maxx Crosby
0%
43Michael Davis
0%
39Minkah Fitzpatrick
0%
60Mitch Morse
0%
46Morgan Cox
0%
32Nick Bolton
0%
75Orlando Brown Jr.
0%
42Patrick Ricard
0%
66Ryan Jensen
0%
29Talanoa Hufanga
0%
27Tariq Woolen
0%
72Taylor Moton
0%
20Tony Pollard
0%
49Tremaine Edmunds
0%
91Trey Hendrickson
0%
78Tristan Wirfs
0%
83Tyler Boyd
0%
64Tyler Linderbaum
0%
50Vita Vea
0%
70Zack Martin
0%
55Za'Darius Smith
0%

Score Distribution

Percentile by Number Answered

Percent of People with Each Score

Your Score History

You have not taken this quiz